Estadísticas para Villanos y Antagonistas de Disney

Haz click aquí para intentar la prueba.

Estadísticas generales

  • Esta prueba ha sido intentada 151 veces
  • La puntuación promedio es 12 de 48

Estadísticas de respuestas

PelículaAñoVillano / Antagonista% Correcto
Peter Pan1953Capitán Garfio
87%
101 Dálmatas1961Cruella de Vil
87%
La Sirenita1989Úrsula
82%
El rey león1994Scar
79%
La bella durmiente1959Maléfica
74%
Aladdín1992Jafar
71%
La bella y la bestia1991Gastón
70%
Hercules1997Hades
67%
Alicia en el País de las Maravillas1951La Reina de Corazones
63%
Blanca Nieves y los siete enanos1937La Reina Grimhilde
48%
Frozen2013Príncipe Hans
40%
Las locuras del emperador2000Yzma
36%
Robin Hood1973Príncipe Juan
31%
Enredados2010Madre Gothel
30%
Pinocho1940El Honrado Juan / Monstruo La Ballena / El Cochero / Stromboli
25%
Tarzan1999John Cecil Clayton
24%
El jorobado de Notre Dame1996Claude Frollo
19%
La princesa y el sapo2009Doctor Facilier
19%
Dumbo1941El Maestro de ceremonias / Los payasos
17%
La Cenicienta1950Lady Tremaine
17%
Bambi1942Humano
16%
El libro de la selva1967Shere Khan
15%
Los Aristogatos1970Edgar Balthazar
14%
Ralph el Demoledor2012Turbo o King Candy
13%
Mulan1998Shan Yu
10%
La familia del futuro2007DOR-15 / Michael "Goob" Yagoobian o El del Sombrero
9%
La espada en la piedra1963Madam Mim
9%
Lilo & Stitch2002Capitán Gantu
8%
Dinosaurio2000Carnotauros
8%
Pocahontas1995Gobernador John Ratcliffe
8%
Moana2016Te Kā
8%
Policías y ratones1986Profesor Rátigan
7%
Encanto2021Alma Madrigal
6%
El planeta del tesoro2002John Silver
6%
Vacas Vaqueras2004Alameda Slim
5%
Bolt2008El Agente
4%
Bernardo y Bianca1977Madame Medusa
4%
El caldero mágico1985Rey del Mal
4%
Wifi Ralph2018Virus Arthur
4%
Oliver y su pandilla1988Bill Sykes
3%
Atlantis: El imperio perdido2001Comandante Lyle Tiberius Rourke
3%
Tierra de osos2003Denahi
3%
Bernardo y Bianca en Cangurolandia1990Percival C. McLeach
3%
Zootopia2016Vicealcaldesa Dawn Bellwether
3%
El zorro y el sabueso1981Amos Slade / El oso negro
2%
Raya y el último dragón2021Druun / Namaari
2%
Grandes Heroes2014Profesor Robert Callaghan
2%
Frozen 22019Rey Runeard
0%

Distribución de puntuación

Porcentaje por número respondido

Porcentaje de gente con cada puntuación

Historial de tus puntuaciones

No has intentado esta prueba.